| 000 | 00536cam a2200205 4500 | ||
|---|---|---|---|
| 001 | D2474 | ||
| 008 | 071126s1979 xxka f 00 0aeng | ||
| 035 | _a(Sirsi) u69227 | ||
| 041 | _aeng | ||
| 050 | 0 | 4 | _a920 $2 18 |
| 100 | _aCleary, Frederick E. | ||
| 245 | 0 | 0 |
_aI'll do it yesterday _b(an autobiography) |
| 260 |
_aLondon _bCarlos Press _c1979 |
||
| 300 |
_a149 p. _bill. _c22 cm. |
||
| 350 | _a5.25 | ||
| 651 | 4 |
_aUnited Kingdom _y |
|
| 690 | _aABOUT RICS-RICS MEMBERS-CHARTERED SURVEYORS | ||
| 942 | _n0 | ||
| 948 | _c04/03/1997 | ||
| 999 |
_c95167 _d95167 |
||